Statistics for ATP Top 100

Click here to take the quiz!

General Stats

  • This quiz has been taken 715 times
    (433 since last reset)
  • The average score is 51 of 100

Answer Stats

RankingNationalityName% Correct
2Great BritainAndy Murray
99%
1SerbiaNovak Djokovic
99%
5SpainRafael Nadal
99%
3SwitzerlandRoger Federer
99%
4SwitzerlandStanislas Wawrinka
96%
8JapanKei Nishikori
95%
7SpainDavid Ferrer
90%
10FranceJo-Wilfried Tsonga
90%
14CanadaMilos Raonic
90%
11USAJohn Isner
88%
6Czech RepublicTomas Berdych
88%
24FranceGael Monfils
87%
12South AfricaKevin Anderson
87%
13CroatiaMarin Cilic
87%
16BelgiumDavid Goffin
85%
9FranceRichard Gasquet
85%
28BulgariaGrigor Dimitrov
83%
30AustraliaNick Kyrgios
82%
21ItalyFabio Fognini
81%
20AustriaDominic Thiem
79%
15FranceGilles Simon
73%
27SpainGuillermo Garcia-Lopez
68%
17SpainFeliciano Lopez
67%
49SpainFernando Verdasco
67%
33PortugalJoao Sousa
64%
81GermanyAlexander Zverev
63%
44CroatiaBorna Coric
63%
38LuxembourgGilles Muller
63%
46CyprusMarcos Baghdatis
63%
18AustraliaBernard Tomic
62%
19FranceBenoît Paire
61%
29ItalyAndreas Seppi
60%
25SpainRoberto Bautista Agut
60%
79LatviaErnests Gulbis
59%
26USAJack Sock
58%
40UruguayPablo Cuevas
58%
36UkraineAlexandr Dolgopolov
57%
23CroatiaIvo Karlovic
57%
22SerbiaViktor Troicki
57%
75FranceLucas Pouille
56%
34GermanyPhilipp Kohlschreiber
56%
67SpainPablo Carreno Busta
55%
59USASam Querrey
53%
61UzbekistanDenis Istomin
52%
85ArgentinaDiego Sebastian Schwartzman
52%
39CanadaVasek Pospisil
52%
72SpainNicolas Almagro
49%
73SerbiaDusan Lajovic
48%
51South KoreaHyeon Chung
48%
57PolandJerzy Janowicz
47%
100Great BritainKyle Edmund
47%
65KazakhstanMikhail Kukushkin
47%
66NetherlandsRobin Haase
47%
80Bosnia HerzegovinaDamir Dzumhur
46%
86USARajeev Ram
46%
47FranceAdrian Mannarino
45%
54SpainAlbert Ramos-Vinolas
45%
35ArgentinaLeonardo Mayer
45%
31FranceJeremy Chardy
44%
71FranceNicolas Mahut
44%
83LithuaniaRicardas Berankis
44%
37BrazilThomaz Bellucci
43%
74TaïwanYen-Hsun Lu
43%
45SloveniaAljaz Bedene
42%
32USASteve Johnson
41%
52ArgentinaFederico Delbonis
40%
43SlovakiaMartin Klizan
39%
41Czech RepublicJiri Vesely
37%
90AustraliaJohn Millman
36%
53ArgentinaJuan Monaco
36%
55Czech RepublicLukas Rosol
36%
62UkraineSergiy Stakhovsky
36%
84BelgiumSteve Darcis
36%
42SpainTommy Robredo
36%
76ArgentinaGuido Pella
35%
78AustraliaThanasi Kokkinakis
35%
56Dominican RepublicVictor Estrella Burgos
35%
48USADonald Young
33%
99SerbiaFilip Krajinovic
33%
82SpainMarcel Granollers
32%
70ColombiaSantiago Giraldo
32%
64SpainPablo Andujar
28%
58ItaliaSimone Bolelli
27%
77RussiaAndrey Kuznetsov
26%
68ItalyPaolo Lorenzi
26%
60AustraliaSam Groth
25%
95GermanyBenjamin Becker
22%
92FrancePaul-Henri Mathieu
22%
97NetherlandsThiemo de Bakker
22%
63AustriaAndreas Haider-Maurer
21%
89ItalyMarco Cecchinato
20%
94UkraineIllya Marchenko
19%
69USADenis Kudla
18%
91IndiaYuki Bhambri
18%
50RussiaTeymuraz Gabashvili
17%
96SpainDaniel Gimeno-Traver
16%
88RussiaEvgeny Donskoy
16%
87SpainDaniel Munoz-De La Nava
12%
98SpainInigo Cervantes
11%
93JapanDaniel Taro
9%

Score Distribution

Percentile by Number Answered

Percent of People with Each Score

Your Score History

You have not taken this quiz since the last reset